| 000 | 01046cam a2200325 a 4500 | ||
|---|---|---|---|
| 001 | 16990843 | ||
| 003 | OSt | ||
| 005 | 20170105101152.0 | ||
| 008 | 111006s2011 pk b 001 0 eng | ||
| 010 | _a 2011314770 | ||
| 020 | _a9780199063154 | ||
| 025 | _aP-E-2011314770; 28 | ||
| 037 | _bLibrary of Congress -- Islamabad Overseas Office | ||
| 040 |
_aDLC _cDLC |
||
| 042 |
_alcode _apcc |
||
| 043 |
_aa-pk--- _aaz----- |
||
| 050 | 0 | 0 |
_aU264.5.P18 _bN84 2011 |
| 245 | 0 | 0 |
_aNuclear Pakistan : _bstrategic dimensions / _cedited by Zulfqar Khan. |
| 260 |
_aKarachi : _bOxford University Press, _c2011. |
||
| 300 |
_axx, 275 p .; _c22 cm. |
||
| 504 | _aIncludes bibliographical references and index. | ||
| 650 | 0 |
_aNuclear weapons _zPakistan. |
|
| 650 | 0 |
_aPakistan _xDefenses. |
|
| 650 | 0 |
_aNational security _zPakistan. |
|
| 651 | 0 |
_aSouth Asia _xPolitics and government. |
|
| 700 | 1 | _aKhan, Zulfqar. | |
| 906 |
_a7 _bcbc _corigode _d3 _encip _f20 _gy-gencatlg |
||
| 942 |
_2ddc _cBK |
||
| 999 |
_c2450 _d2450 |
||